Tạp chí Khoa học Giáo dục Kỹ thuật Số 27
Trong số này có bài nghiên cứu bộ hạ tần công suất thấp, ứng dụng trong bộ thu phát tại tần số vô tuyến; thiết kế biến đổi HADAMARD tốc độ cao sử dụng trong các hệ xử lý tín hiệu số; nghiên cứu tính chất quang điện của điện cực A...
Gorde:
| Formatua: | Liburua |
|---|---|
| Hizkuntza: | Vietnamese |
| Argitaratua: |
Thành phố Hồ Chí Minh
Trường Đại học Sư phạm kỹ thuật TP. HCM
2014
|
| Gaiak: | |
| Etiketak: |
Etiketa erantsi
Etiketarik gabe, Izan zaitez lehena erregistro honi etiketa jartzen!
|
| Thư viện lưu trữ: | Thư viện Trường Đại học Nam Cần Thơ |
|---|
| LEADER | 01412nam a22002297a 4500 | ||
|---|---|---|---|
| 001 | NCT_122473 | ||
| 008 | 220511b xxu||||| |||| 00| 0 vie d | ||
| 999 | |c 6270 |d 6270 | ||
| 022 | |a 1859-1272 | ||
| 041 | |a vie | ||
| 082 | 0 | 4 | |2 23rd ed. |a 378 |b T109C |
| 245 | 0 | 0 | |a Tạp chí Khoa học Giáo dục Kỹ thuật |n Số 27 |c Trường Đại học Sư phạm kỹ thuật TP. HCM |
| 260 | |a Thành phố Hồ Chí Minh |b Trường Đại học Sư phạm kỹ thuật TP. HCM |c 2014 | ||
| 300 | |c 29cm | ||
| 310 | |a Hàng tháng | ||
| 362 | |a 2014 | ||
| 520 | 3 | |a Trong số này có bài nghiên cứu bộ hạ tần công suất thấp, ứng dụng trong bộ thu phát tại tần số vô tuyến; thiết kế biến đổi HADAMARD tốc độ cao sử dụng trong các hệ xử lý tín hiệu số; nghiên cứu tính chất quang điện của điện cực ANODE quang trong pin mặt trời chấm lượng tử TiO2/CdSe/ZnS,.... | |
| 655 | |a Tạp chí | ||
| 942 | |2 ddc |c CR | ||
| 952 | |0 0 |1 0 |2 ddc |4 0 |6 378_000000000000000_T109C |7 0 |9 23826 |a 000001 |b 000001 |d 2022-05-11 |o 378 T109C |r 2022-05-11 |w 2022-05-11 |y CR | ||
| 952 | |0 0 |1 0 |2 ddc |4 0 |6 378_000000000000000_T109C |7 0 |9 23827 |a 000001 |b 000001 |d 2022-05-11 |o 378 T109C |r 2022-05-11 |w 2022-05-11 |y CR | ||
| 980 | |a Thư viện Trường Đại học Nam Cần Thơ | ||